WordPerfect 5. Program PTR /

Gespeichert in:
Bibliographische Detailangaben
1. Verfasser: Sommer, Tomáš (Verfasst von)
Format: Buch
Sprache:Tschechisch
Veröffentlicht: Slušovice : JZD, 1990
Tags: Tag hinzufügen
Keine Tags, Fügen Sie das erste Tag hinzu!

MARC

LEADER 00000nam a22000003a 4500
001 stu31399
005 20150617225736.4
008 931027s1990----cs------------------cze-d
040 |a STU  |b slo 
041 0 |a cze 
044 |a cs 
080 |a 681.3.066 
100 1 |a Sommer, Tomáš  |4 aut 
245 1 |a WordPerfect 5. Program PTR /  |c [aut.] Sommer,Tomáš 
260 |a Slušovice :  |b JZD,  |c 1990 
300 |a 147 s 
996 |b J88056  |c J*88056  |l JJK1  |s P  |a 0  |w stu31399_0001 
996 |b J88057  |c J*88057  |l JJSK  |s A  |a 24  |w stu31399_0002